[Event "Maastricht Limburg op-A 9th"]
[Site "Maastricht"]
[Date "2015.05.23"]
[Round "3"]
[White "Mengerink, Ynze"]
[Black "Martens, Martin"]
[Result "0-1"]
[WhiteElo "2146"]
[BlackElo "2417"]
[PlyCount "110"]
[EventDate "2015.05.22"]
[EventType "swiss"]
[EventRounds "7"]
[EventCountry "NED"]
[SourceTitle "CBM 166 Extra"]
[Source "ChessBase"]
[SourceDate "2015.06.18"]
[SourceVersion "1"]
[SourceVersionDate "2015.06.18"]
[SourceQuality "1"]

1. d4 Nf6 2. Nf3 e6 3. e3 b6 4. Bd3 c5 5. Nbd2 cxd4 6. exd4 Bb7 7. 0-0 Be7 8. c3 0-0 9. Re1 d6 10. Qe2 Re8 11. Nf1 Nbd7 12. Bg5 Qc7 13. Rad1 Bf8 14. Qc2 g6 15. N1d2 Rac8 16. h3 Bg7 17. a3 Qb8 18. Bf4 a6 19. Ne4 Bf8 20. Nfd2 Nd5 21. Bg3 b5 22. Qb1 N5b6 23. Nb3 e5 24. dxe5 dxe5 25. Bf1 Bd5 26. Nc1 Qb7 27. f3 f5 28. Nd2 Bg7 29. Ndb3 Kh8 30. f4 Be4 31. Qa2 Nc4 32. fxe5 Ndxe5 33. Nd4 Qb6 34. Bf2 Qf6 35. a4 bxa4 36. Nd3 Nxd3 37. Bxd3 Bxd3 38. Rxe8+ Rxe8 39. Rxd3 Rc8 40. Nf3 Qc6 41. Bd4 Qb5 42. Bxg7+ Kxg7 43. Rd4 Rc7 44. Kh1 Qb3 45. Qa1 Qxb2 46. Qxa4 Ne3 47. Rd7+ Rxd7 48. Qxd7+ Kh6 49. Nh4 Qxc3 50. Qd8 f4 51. Nf3 Qa1+ 52. Ng1 Qe5 53. Nf3 Qf5 54. Qh4+ Kg7 55. Qe7+ Qf7 0-1

[Event "Maastricht Limburg op-A 9th"]
[Site "Maastricht"]
[Date "2015.05.22"]
[Round "1"]
[White "Mengerink, Ynze"]
[Black "Vanhuyse, Nele"]
[Result "1/2-1/2"]
[WhiteElo "2146"]
[BlackElo "2035"]
[PlyCount "70"]
[EventDate "2015.05.22"]
[EventType "swiss"]
[EventRounds "7"]
[EventCountry "NED"]
[SourceTitle "CBM 166 Extra"]
[Source "ChessBase"]
[SourceDate "2015.06.18"]
[SourceVersion "1"]
[SourceVersionDate "2015.06.18"]
[SourceQuality "1"]

1. e4 c5 2. Nf3 e6 3. d3 Nc6 4. g3 Nge7 5. Bg2 g6 6. 0-0 Bg7 7. c3 d5 8. Qe2 0-0 9. Nbd2 d4 10. cxd4 cxd4 11. b3 e5 12. Ba3 a5 13. Nc4 b5 14. Bxe7 Qxe7 15. Nb6 Rb8 16. Nd5 Qd6 17. Nd2 Be6 18. f4 f5 19. fxe5 Nxe5 20. Nf4 Bd7 21. exf5 Bxf5 22. Ne4 Qa6 23. Rac1 Rbc8 24. Nd5 Kh8 25. Qd2 b4 26. Rxc8 Bxc8 27. Rxf8+ Bxf8 28. Qf4 Bg7 29. Nef6 Qd6 30. Ne8 Qf8 31. Nxg7 Qxg7 32. Nf6 Qe7 33. Nd5 Qg7 34. Nf6 Qe7 35. Nd5 Qg7 1/2-1/2

[Event "Brasschaat op 13th"]
[Site "Brasschaat"]
[Date "2013.08.19"]
[Round "3"]
[White "Dgebuadze, Alexandre"]
[Black "Mengerink, Ynze"]
[Result "1-0"]
[WhiteElo "2515"]
[BlackElo "2187"]
[PlyCount "81"]
[EventDate "2013.08.17"]
[EventType "swiss"]
[EventRounds "9"]
[EventCountry "BEL"]
[SourceTitle "CBM 156 Extra"]
[Source "ChessBase"]
[SourceDate "2013.10.22"]
[SourceVersion "1"]
[SourceVersionDate "2013.10.22"]
[SourceQuality "1"]

1. e4 c6 2. d4 d5 3. Nc3 dxe4 4. Nxe4 Bf5 5. Ng3 Bg6 6. h4 h6 7. Nf3 Nd7 8. h5 Bh7 9. Bd3 Bxd3 10. Qxd3 Qc7 11. Bd2 e6 12. 0-0-0 0-0-0 13. Rh4 Ngf6 14. Kb1 Bd6 15. Ne4 Nxe4 16. Qxe4 Rhe8 17. c4 Kb8 18. Qg4 f5 19. Qxg7 Bf8 20. Qg6 Ka8 21. Rhh1 Nb6 22. c5 Nd5 23. Rhe1 b6 24. Rxe6 Rxe6 25. Qxe6 bxc5 26. Ne5 Qd6 27. Qxd6 Rxd6 28. dxc5 Re6 29. Nd3 Re2 30. Kc1 Kb7 31. Rh1 Re4 32. b3 Nc7 33. Rh3 Ne6 34. Re3 Ng5 35. Rxe4 fxe4 36. Bxg5 hxg5 37. Ne5 Bxc5 38. h6 Bd4 39. Nf7 Bxf2 40. h7 Bd4 41. Nxg5 1-0

[Event "Nettetal op"]
[Site "Nettetal"]
[Date "2010.07.08"]
[Round "6"]
[White "Mengerink, Ynze"]
[Black "Wittenberg, Andreas"]
[Result "0-1"]
[WhiteElo "2080"]
[BlackElo "2165"]
[PlyCount "148"]
[EventDate "2010.07.03"]
[EventType "swiss"]
[EventRounds "9"]
[EventCountry "GER"]
[SourceTitle "CBM 137 Extra"]
[Source "ChessBase"]
[SourceDate "2010.09.01"]
[SourceVersion "1"]
[SourceVersionDate "2010.09.01"]
[SourceQuality "1"]

1. d4 e6 2. e4 d5 3. Nd2 Nc6 4. Ngf3 Nf6 5. e5 Nd7 6. Bd3 Nb4 7. Bb5 c6 8. Ba4 c5 9. Nb3 Nc6 10. c3 a6 11. dxc5 Nxc5 12. Nxc5 Bxc5 13. 0-0 b5 14. Bc2 Bb7 15. Bf4 d4 16. Ng5 Qe7 17. b4 Bb6 18. Ne4 Bc7 19. Bg5 Qf8 20. Nc5 Ra7 21. Nxb7 Rxb7 22. Be4 Rb6 23. Bxc6+ Rxc6 24. Qxd4 Rc4 25. Qd2 f6 26. Rad1 Kf7 27. exf6 gxf6 28. Be3 Qb8 29. Qd7+ Kg6 30. g3 Qc8 31. Qd3+ Kf7 32. f4 h5 33. Bc5 h4 34. Rfe1 hxg3 35. hxg3 Qb7 36. Qd7+ Kg6 37. Qxe6 Qh1+ 38. Kf2 Rh2+ 39. Ke3 Rxc3+ 40. Kd4 Qf3 41. Qg8+ Kf5 42. Qe6+ Kg6 43. Qe8+ Kf5 44. g4+ Kxf4 45. Qe4+ Kg5 46. Qxf3 Rxf3 47. Re6 Be5+ 48. Kd5 Rxa2 49. Be7 Kxg4 50. Rc6 Kf5 51. Rc8 Raa3 52. Bc5 Rfd3+ 53. Rxd3 Rxd3+ 54. Kc6 Ra3 55. Kb6 Ke4 56. Kb7 Ra4 57. Be7 f5 58. Rc6 Kd5 59. Rc5+ Kd4 60. Rc6 f4 61. Bc5+ Kd5 62. Rc8 f3 63. Rd8+ Kc4 64. Rf8 Ra3 65. Rf5 Kd5 66. Rf7 Ke6 67. Rf8 Bf6 68. Re8+ Kf5 69. Re3 Rxe3 70. Bxe3 Ke4 71. Bf2 Bd4 72. Bh4 Kd5 73. Kxa6 Kc4 74. Ka5 f2 0-1

[Event "Brasschaat op 09th"]
[Site "Brasschaat"]
[Date "2009.08.17"]
[Round "3"]
[White "Sadkowsky, Daniel"]
[Black "Mengerink, Ynze"]
[Result "1-0"]
[WhiteElo "2277"]
[BlackElo "2071"]
[PlyCount "31"]
[EventDate "2009.08.15"]
[EventType "swiss"]
[EventRounds "9"]
[EventCountry "BEL"]
[SourceTitle "CBM 131 Extra"]
[Source "ChessBase"]
[SourceDate "2009.09.03"]
[SourceVersion "2"]
[SourceVersionDate "2009.09.16"]
[SourceQuality "1"]

1. e4 c6 2. d4 d5 3. Nc3 dxe4 4. Nxe4 Bf5 5. Nc5 e5 6. Nxb7 Qc7 7. Nc5 exd4 8. Qxd4 Bxc2 9. Nf3 Bxc5 10. Qxc5 Qe7+ 11. Be3 Qxc5 12. Bxc5 Ne7 13. Rc1 Be4 14. Bc4 Bxf3 15. gxf3 0-0 16. 0-0 1-0